<?xml version="1.0" encoding="UTF-8"?>
<record
    xmlns:xsi="http://www.w3.org/2001/XMLSchema-instance"
    xsi:schemaLocation="http://www.loc.gov/MARC21/slim http://www.loc.gov/standards/marcxml/schema/MARC21slim.xsd"
    xmlns="http://www.loc.gov/MARC21/slim">

  <leader>01625nam a2200217Ia 4500</leader>
  <controlfield tag="003">Ost</controlfield>
  <controlfield tag="005">20260507075049.0</controlfield>
  <controlfield tag="008">260507s9999||||xx |||||||||||||| ||und||</controlfield>
  <datafield tag="020" ind1=" " ind2=" ">
    <subfield code="a">9775732485</subfield>
  </datafield>
  <datafield tag="040" ind1=" " ind2=" ">
    <subfield code="c">fsecg</subfield>
  </datafield>
  <datafield tag="041" ind1=" " ind2=" ">
    <subfield code="a">ara</subfield>
  </datafield>
  <datafield tag="100" ind1=" " ind2=" ">
    <subfield code="a">&#x643;.&#x633;&#x645;&#x64A;&#x62B;&#x60C; &#x62F;&#x648;&#x62C;&#x644;&#x627;&#x633;</subfield>
    <subfield code="e">&#x645;&#x624;&#x644;&#x641;</subfield>
  </datafield>
  <datafield tag="245" ind1=" " ind2="0">
    <subfield code="a">&#x625;&#x62F;&#x627;&#x631;&#x629; &#x62A;&#x63A;&#x64A;&#x64A;&#x631; &#x627;&#x644;&#x623;&#x641;&#x631;&#x627;&#x62F; &#x648;&#x627;&#x644;&#x623;&#x62F;&#x627;&#x621;; &#x643;&#x64A;&#x641;&#x61F;"&#x627;&#x644;&#x645;&#x628;&#x627;&#x62F;&#x626;-&#x627;&#x644;&#x625;&#x633;&#x62A;&#x631;&#x627;&#x62A;&#x64A;&#x62C;&#x64A;&#x627;&#x62A;-&#x627;&#x644;&#x631;&#x624;&#x649; :</subfield>
    <subfield code="b">&#x639;&#x634;&#x631;&#x629; &#x645;&#x628;&#x627;&#x62F;&#x626; &#x644;&#x62A;&#x641;&#x639;&#x64A;&#x644; &#x625;&#x62F;&#x627;&#x631;&#x629; &#x627;&#x644;&#x62A;&#x63A;&#x64A;&#x631; /</subfield>
    <subfield code="c"> &#x62F;&#x648;&#x62C;&#x644;&#x627;&#x633; &#x643;.&#x633;&#x645;&#x64A;&#x62B;</subfield>
  </datafield>
  <datafield tag="260" ind1=" " ind2=" ">
    <subfield code="a">&#x627;&#x644;&#x642;&#x627;&#x647;&#x631;&#x629;: </subfield>
    <subfield code="b">&#x627;&#x64A;&#x62A;&#x631;&#x627;&#x643; &#x644;&#x644;&#x646;&#x634;&#x631; &#x648;&#x627;&#x644;&#x62A;&#x648;&#x632;&#x64A;&#x639;, </subfield>
    <subfield code="c">2001</subfield>
  </datafield>
  <datafield tag="300" ind1=" " ind2=" ">
    <subfield code="a">328  &#x635;&#x641;&#x62D;&#x629;&#x61B; </subfield>
    <subfield code="b">&#x625;&#x64A;&#x636;&#x627;&#x62D;&#x627;&#x62A; &#x61B;</subfield>
    <subfield code="c">26 &#x633;&#x645;</subfield>
  </datafield>
  <datafield tag="520" ind1=" " ind2=" ">
    <subfield code="a">&#x627;&#x644;&#x645;&#x628;&#x627;&#x62F;&#x626; -&#x627;&#x62C;&#x62A;&#x64A;&#x627;&#x632; &#x641;&#x62A;&#x631;&#x629; &#x627;&#x644;&#x62A;&#x639;&#x628;&#x64A;&#x631; &#x628;&#x646;&#x62C;&#x627;&#x62D;-&#x62A;&#x62C;&#x646;&#x64A;&#x62F; &#x627;&#x644;&#x623;&#x641;&#x631;&#x627;&#x62F; &#x645;&#x646; &#x623;&#x62C;&#x644; &#x627;&#x644;&#x623;&#x62F;&#x627;&#x621; &#x648;&#x627;&#x644;&#x62A;&#x63A;&#x64A;&#x64A;&#x631;-&#x646;&#x62A;&#x627;&#x626;&#x62C; &#x627;&#x644;&#x623;&#x62F;&#x627;&#x621;:&#x625;&#x62F;&#x627;&#x631;&#x629; &#x627;&#x644;&#x631;&#x628;&#x637; &#x628;&#x64A;&#x646; &#x627;&#x644;&#x641;&#x631;&#x635; &#x648;&#x627;&#x644;&#x62A;&#x63A;&#x64A;&#x64A;&#x631;-&#x627;&#x644;&#x623;&#x641;&#x631;&#x627;&#x62F; &#x627;&#x644;&#x62D;&#x627;&#x644;&#x64A;&#x648;&#x646; &#x648;&#x627;&#x644;&#x633;&#x644;&#x648;&#x643;&#x64A;&#x627;&#x62A; &#x627;&#x644;&#x62C;&#x62F;&#x64A;&#x62F;&#x629; &#x647;&#x644; &#x62A;&#x648;&#x627;&#x62C;&#x647; &#x647;&#x630;&#x627; &#x627;&#x644;&#x62A;&#x62D;&#x62F;&#x64A;-&#x627;&#x644;&#x630;&#x647;&#x627;&#x628; &#x625;&#x644;&#x649; &#x645;&#x627; &#x648;&#x631;&#x627;&#x621; &#x627;&#x644;&#x642;&#x631;&#x627;&#x631;&#x627;&#x62A; &#x648;&#x627;&#x644;&#x648;&#x639;&#x64A; &#x625;&#x644;&#x649; &#x627;&#x644;&#x623;&#x62F;&#x627;&#x621; &#x648;&#x627;&#x644;&#x62A;&#x63A;&#x64A;&#x64A;&#x631;-&#x627;&#x644;&#x645;&#x628;&#x627;&#x62F;&#x644;&#x629; &#x648;&#x627;&#x644;&#x62A;&#x628;&#x627;&#x62F;&#x644; &#x648;&#x627;&#x644;&#x62A;&#x646;&#x633;&#x64A;&#x642;-&#x635;&#x64A;&#x627;&#x63A;&#x629; &#x648;&#x627;&#x631;&#x62A;&#x62C;&#x627;&#x644; &#x627;&#x644;&#x627;&#x633;&#x62A;&#x631;&#x627;&#x62A;&#x64A;&#x62C;&#x64A;&#x629; &#x627;&#x644;&#x646;&#x627;&#x62C;&#x62D;&#x629; -&#x627;&#x627;&#x644;&#x631;&#x624;&#x649; -&#x627;&#x644;&#x637;&#x627;&#x642;&#x629; &#x648;&#x627;&#x644;&#x644;&#x63A;&#x629; &#x630;&#x627;&#x62A; &#x627;&#x644;&#x645;&#x63A;&#x632;&#x649;-&#x625;&#x639;&#x627;&#x62F;&#x629; &#x631;&#x628;&#x637; &#x62A;&#x635;&#x645;&#x64A;&#x645;&#x627;&#x62A; &#x627;&#x644;&#x645;&#x646;&#x638;&#x645;&#x629; &#x628;&#x645;&#x627; &#x64A;&#x62A;&#x644;&#x627;&#x626;&#x645; &#x645;&#x639; &#x627;&#x644;&#x623;&#x641;&#x631;&#x627;&#x62F; &#x648;&#x627;&#x644;&#x623;&#x62F;&#x627;&#x621; &#x648;&#x627;&#x644;&#x639;&#x645;&#x644;-&#x625;&#x639;&#x62F;&#x627;&#x62F; &#x631;&#x624;&#x64A;&#x62A;&#x643; &#x627;&#x644;&#x634;&#x62E;&#x635;&#x64A;&#x629; &#x644;&#x639;&#x645;&#x644;&#x64A;&#x629; &#x627;&#x644;&#x62A;&#x63A;&#x64A;&#x64A;&#x631;</subfield>
  </datafield>
  <datafield tag="653" ind1=" " ind2=" ">
    <subfield code="a">&#x625;&#x62F;&#x627;&#x631;&#x629; &#x627;&#x644;&#x623;&#x641;&#x631;&#x627;&#x62F;</subfield>
  </datafield>
  <datafield tag="653" ind1=" " ind2=" ">
    <subfield code="a">&#x627;&#x644;&#x625;&#x62F;&#x627;&#x631;&#x629; &#x627;&#x644;&#x639;&#x627;&#x645;&#x629;</subfield>
  </datafield>
  <datafield tag="700" ind1=" " ind2=" ">
    <subfield code="a">&#x627;&#x644;&#x62E;&#x632;&#x627;&#x645;&#x64A;&#x60C; &#x639;&#x628;&#x62F; &#x627;&#x644;&#x62D;&#x643;&#x645; &#x623;&#x62D;&#x645;&#x62F; </subfield>
    <subfield code="e">&#x645;&#x624;&#x644;&#x641; &#x62B;&#x627;&#x646;&#x648;&#x64A;</subfield>
  </datafield>
  <datafield tag="942" ind1=" " ind2=" ">
    <subfield code="c">&#x643;&#x62A;&#x627;&#x628;</subfield>
  </datafield>
  <datafield tag="952" ind1=" " ind2=" ">
    <subfield code="0">0</subfield>
    <subfield code="1">0</subfield>
    <subfield code="2">ddc</subfield>
    <subfield code="4">0</subfield>
    <subfield code="7">-1</subfield>
    <subfield code="a">fsecg</subfield>
    <subfield code="b">fsecg</subfield>
    <subfield code="d">2026-05-07</subfield>
    <subfield code="h">&#x627;&#x644;&#x637;&#x627;&#x628;&#x642; &#x627;&#x644;&#x623;&#x631;&#x636;&#x64A;</subfield>
    <subfield code="i">475/1</subfield>
    <subfield code="l">0</subfield>
    <subfield code="o">&#x623;/475&#x646;1</subfield>
    <subfield code="p">475/1</subfield>
    <subfield code="r">2026-05-07 07:50:49</subfield>
    <subfield code="w">2026-05-07</subfield>
    <subfield code="y">&#x643;&#x62A;&#x627;&#x628;</subfield>
  </datafield>
  <datafield tag="952" ind1=" " ind2=" ">
    <subfield code="0">0</subfield>
    <subfield code="1">0</subfield>
    <subfield code="2">ddc</subfield>
    <subfield code="4">0</subfield>
    <subfield code="7">0</subfield>
    <subfield code="a">fsecg</subfield>
    <subfield code="b">fsecg</subfield>
    <subfield code="d">2026-05-07</subfield>
    <subfield code="h">&#x627;&#x644;&#x637;&#x627;&#x628;&#x642; &#x627;&#x644;&#x623;&#x631;&#x636;&#x64A;</subfield>
    <subfield code="i">475/2</subfield>
    <subfield code="l">0</subfield>
    <subfield code="o">&#x623;/475&#x646;2</subfield>
    <subfield code="p">475/2</subfield>
    <subfield code="r">2026-05-07 07:50:49</subfield>
    <subfield code="w">2026-05-07</subfield>
    <subfield code="y">&#x643;&#x62A;&#x627;&#x628;</subfield>
  </datafield>
  <datafield tag="952" ind1=" " ind2=" ">
    <subfield code="0">0</subfield>
    <subfield code="1">0</subfield>
    <subfield code="2">ddc</subfield>
    <subfield code="4">0</subfield>
    <subfield code="7">0</subfield>
    <subfield code="a">fsecg</subfield>
    <subfield code="b">fsecg</subfield>
    <subfield code="d">2026-05-07</subfield>
    <subfield code="h">&#x627;&#x644;&#x637;&#x627;&#x628;&#x642; &#x627;&#x644;&#x623;&#x631;&#x636;&#x64A;</subfield>
    <subfield code="i">475/3</subfield>
    <subfield code="l">0</subfield>
    <subfield code="o">&#x623;/475&#x646;3</subfield>
    <subfield code="p">475/3</subfield>
    <subfield code="r">2026-05-07 07:50:49</subfield>
    <subfield code="w">2026-05-07</subfield>
    <subfield code="y">&#x643;&#x62A;&#x627;&#x628;</subfield>
  </datafield>
  <datafield tag="952" ind1=" " ind2=" ">
    <subfield code="0">0</subfield>
    <subfield code="1">0</subfield>
    <subfield code="2">ddc</subfield>
    <subfield code="4">0</subfield>
    <subfield code="7">0</subfield>
    <subfield code="a">fsecg</subfield>
    <subfield code="b">fsecg</subfield>
    <subfield code="d">2026-05-07</subfield>
    <subfield code="h">&#x627;&#x644;&#x637;&#x627;&#x628;&#x642; &#x627;&#x644;&#x623;&#x631;&#x636;&#x64A;</subfield>
    <subfield code="i">475/4</subfield>
    <subfield code="l">0</subfield>
    <subfield code="o">&#x623;/475&#x646;4</subfield>
    <subfield code="p">475/4</subfield>
    <subfield code="r">2026-05-07 07:50:49</subfield>
    <subfield code="w">2026-05-07</subfield>
    <subfield code="y">&#x643;&#x62A;&#x627;&#x628;</subfield>
  </datafield>
  <datafield tag="952" ind1=" " ind2=" ">
    <subfield code="0">0</subfield>
    <subfield code="1">0</subfield>
    <subfield code="2">ddc</subfield>
    <subfield code="4">0</subfield>
    <subfield code="7">0</subfield>
    <subfield code="a">fsecg</subfield>
    <subfield code="b">fsecg</subfield>
    <subfield code="d">2026-05-07</subfield>
    <subfield code="h">&#x627;&#x644;&#x637;&#x627;&#x628;&#x642; &#x627;&#x644;&#x62B;&#x627;&#x646;&#x64A;</subfield>
    <subfield code="i">475/5</subfield>
    <subfield code="l">0</subfield>
    <subfield code="o">&#x623;/475&#x646;5</subfield>
    <subfield code="p">475/5</subfield>
    <subfield code="r">2026-05-07 07:50:49</subfield>
    <subfield code="w">2026-05-07</subfield>
    <subfield code="y">&#x643;&#x62A;&#x627;&#x628;</subfield>
  </datafield>
  <datafield tag="952" ind1=" " ind2=" ">
    <subfield code="0">0</subfield>
    <subfield code="1">0</subfield>
    <subfield code="2">ddc</subfield>
    <subfield code="4">0</subfield>
    <subfield code="7">0</subfield>
    <subfield code="a">fsecg</subfield>
    <subfield code="b">fsecg</subfield>
    <subfield code="d">2026-05-07</subfield>
    <subfield code="h">&#x627;&#x644;&#x637;&#x627;&#x628;&#x642; &#x627;&#x644;&#x62B;&#x627;&#x646;&#x64A;</subfield>
    <subfield code="i">475/6</subfield>
    <subfield code="l">0</subfield>
    <subfield code="o">&#x623;/475&#x646;6</subfield>
    <subfield code="p">475/6</subfield>
    <subfield code="r">2026-05-07 07:50:49</subfield>
    <subfield code="w">2026-05-07</subfield>
    <subfield code="y">&#x643;&#x62A;&#x627;&#x628;</subfield>
  </datafield>
  <datafield tag="999" ind1=" " ind2=" ">
    <subfield code="c">42616</subfield>
    <subfield code="d">42616</subfield>
  </datafield>
</record>
